Trasa linii trolejbusowej B (Dworzec PKP) - Statystyki

Ogólne statystyki
  • Ten quiz został rozwiązany 5 razy
  • Średni wynik to 13 z 20
Statystyki odpowiedzi
Przystanek (Tychy) % Poprawnych
13. Edukacji
100%
9. Lodowisko
100%
15. Stadion
100%
11. Szpital Wojewódzki
100%
16. Bielska
67%
20. Dworzec PKP
67%
18. E.Leclerc
67%
12. Filaretów
67%
17. Hotelowiec
67%
8. Osiedle O
67%
7. Osiedle T
67%
6. Paprocany Dymarek
67%
5. Paprocany Pętla
67%
14. Pływalnia
67%
10. Wyszyńskiego
67%
19. Gen.Andersa
33%
4. Jezioro Paprocańskie
33%
3. Osiedle Z
33%
2. Osiedle Z1
33%
1. Sikorskiego Wiadukt
33%
Nie znaleziono quizów pasujących do podanych kryteriów
Rozkład punktacji
Procent ludzi z każdym wynikiem
Percentyl według liczby udzielonych odpowiedzi
Twoja historia wyników
Nie rozwiązałeś tego quizu